Noise control : a publication of the Acoustical Society of America.

Bibliographic Details
New Title:Sound: its uses and control.
Corporate Authors: American Institute of Physics, Acoustical Society of America
Format: Journal
Language:English
Published: [Lancaster, Pa.] : [Published by the American Institute of Physics for the Acoustical Society of America], [1955-1961]
Subjects:

MARC

Tag First Indicator Second Indicator Subfields
LEADER 00000cas a2200000 a 4500
001 in00000073173
005 20151008052504.0
008 751101d19551961paubr p 0 0eng
010 |a  58029496   |z sn 87030213  
016 7 |a 19210040R  |2 DNLM 
016 7 |a N28450000  |2 DNLM 
019 |a 33911126  |a 187445966 
029 1 |a NLM  |b 19210040R 
029 1 |a NLGGC  |b 852688237 
029 1 |a NZ1  |b 3620488 
029 1 |a AU@  |b 000020039202 
029 1 |a NZ1  |b 12695935 
035 |a (OCoLC)ocm01760415 
035 |a (OCoLC)01760415 
035 |9 AAH3565AM 
035 |a (OCoLC)1760415  |z (OCoLC)33911126  |z (OCoLC)187445966 
040 |a DLC  |c MUL  |d DLC  |d NSD  |d OCL  |d RCS  |d NYG  |d NST  |d MYG  |d MXC  |d DLC  |d NLM  |d OCLCQ  |d MYG  |d UtOrBLW 
042 |a lcd  |a premarc 
049 |a TXAM 
050 0 0 |a TA365  |b .N6 
060 0 0 |a W1  |b NO109 
092 |a 534.84  |b qN784 
245 0 0 |a Noise control :  |b a publication of the Acoustical Society of America. 
264 1 |a [Lancaster, Pa.] :  |b [Published by the American Institute of Physics for the Acoustical Society of America],  |c [1955-1961] 
300 |a volumes :  |b illustrations ;  |c 30 cm. 
310 |a Bimonthly 
336 |a text  |b txt  |2 rdacontent 
337 |a unmediated  |b n  |2 rdamedia 
338 |a volume  |b nc  |2 rdacarrier 
362 0 |a Vol. 1, no. 1 (Jan. 1955)-v. 7, no. 6 (Nov.-Dec. 1961). 
500 |a Title from cover. 
530 |a Also issued online. 
555 |a Indexes: volumes 1-7, 1955-1961, with volume 7. 
650 0 |a Noise control  |v Periodicals. 
650 2 |a Acoustics  |v Periodicals. 
650 2 |a Noise  |v Periodicals. 
710 2 |a American Institute of Physics. 
710 2 |a Acoustical Society of America. 
785 1 0 |t Sound: its uses and control.  |x 0196-3066  |w (DLC) 64005592  |w (OCoLC)2450687 
850 |a AzTeS  |a DLC  |a MnU  |a N 
949 |a updated  |b h  |c 2009/2/17  |e spoltoratski  |f 2:10:27 pm 
994 |a C0  |b TXA 
999 |a MARS 
999 f f |s 4baab452-c2a1-3b8f-9807-fa107a821620  |i 9e35e0f5-f1bb-389a-b771-7d8a4da5c7f1  |t 0 
952 f f |p ric  |a Texas A&M University  |b Rellis Campus  |c Joint Library Facility  |d Remote Storage  |t 0  |e TA365 .N6  |h Library of Congress classification  |i unmediated -- volume  |k v.5  |l 1959  |m A14837575122 
952 f f |p ric  |a Texas A&M University  |b Rellis Campus  |c Joint Library Facility  |d Remote Storage  |t 0  |e TA365 .N6  |h Library of Congress classification  |i unmediated -- volume  |k v.6  |l 1960  |m A14837575075 
952 f f |p ric  |a Texas A&M University  |b Rellis Campus  |c Joint Library Facility  |d Remote Storage  |t 0  |e TA365 .N6  |h Library of Congress classification  |i unmediated -- volume  |k v.3  |l 1957  |m A14837574867 
952 f f |p ric  |a Texas A&M University  |b Rellis Campus  |c Joint Library Facility  |d Remote Storage  |t 0  |e TA365 .N6  |h Library of Congress classification  |i unmediated -- volume  |k v.2  |l 1956  |m A14837574906 
952 f f |p ric  |a Texas A&M University  |b Rellis Campus  |c Joint Library Facility  |d Remote Storage  |t 0  |e TA365 .N6  |h Library of Congress classification  |i unmediated -- volume  |k v.7+index  |l 1961  |m A14837575033 
952 f f |p ric  |a Texas A&M University  |b Rellis Campus  |c Joint Library Facility  |d Remote Storage  |t 0  |e TA365 .N6  |h Library of Congress classification  |i unmediated -- volume  |k v.4  |l 1958  |m A14837575114 
952 f f |p ric  |a Texas A&M University  |b Rellis Campus  |c Joint Library Facility  |d Remote Storage  |t 0  |e TA365 .N6  |h Library of Congress classification  |i unmediated -- volume  |k v.1  |l 1955  |m A14809713380 
998 f f |a TA365 .N6  |s v.1:no.1 (1955:Jan.)-v.7:no.6 (1961:Nov.-Dec.)  |t 0  |l Remote Storage